Neuroscience : fundamentals for rehabilitation (fourth edition) (Record no. 32171)

MARC details
000 -LEADER
fixed length control field 00839nam a2200217 a 4500
008 - FIXED-LENGTH DATA ELEMENTS--GENERAL INFORMATION
fixed length control field 191125s2013 ||||||||||||||||| || u
020 ## - INTERNATIONAL STANDARD BOOK NUMBER
International Standard Book Number 9781455706433
050 ## - LIBRARY OF CONGRESS CALL NUMBER
Classification number RC 341 Lun
100 ## - MAIN ENTRY--PERSONAL NAME
Personal name Lundy-Ekman, Laurie
245 10 - TITLE STATEMENT
Title Neuroscience : fundamentals for rehabilitation (fourth edition)
Statement of responsibility, etc. By Laurie Lundy-Ekman
250 ## - EDITION STATEMENT
Edition statement 4th edition
260 ## - PUBLICATION, DISTRIBUTION, ETC.
Place of publication, distribution, etc. Missouri
Name of publisher, distributor, etc. Elsevier/Saunders
Date of publication, distribution, etc. 2013
300 ## - PHYSICAL DESCRIPTION
Extent xi, 539 pages : illustrations
350 ## -
-- 20.22
650 ## - SUBJECT ADDED ENTRY--TOPICAL TERM
Topical term or geographic name entry element NEUROPHYSIOLOGY
650 #0 - SUBJECT ADDED ENTRY--TOPICAL TERM
Topical term or geographic name entry element NEUROSCIENCES
650 ## - SUBJECT ADDED ENTRY--TOPICAL TERM
Topical term or geographic name entry element MEDICAL REHABILITATION
650 ## - SUBJECT ADDED ENTRY--TOPICAL TERM
Topical term or geographic name entry element NERVOUS SYSTEM--DISEASES--PATIENTS--REHABILITATION
650 #0 - SUBJECT ADDED ENTRY--TOPICAL TERM
Topical term or geographic name entry element PHYSICAL THERAPY
995 ## -
-- MEDICAL LIBRARY OPEN ACCESS
-- 904381
-- CBU-SCHOOL OF MEDICINE LIBRARY (Ndola)
-- 20.22
-- RC 341 Lun
-- 1
-- AVAILABLE
-- Nov 27, 2019
-- 904381
-- Medical Library Open Access Collection
999 ## -
-- 32171
-- 32171
Holdings
Withdrawn status Lost status Source of classification or shelving scheme Damaged status Not for loan Permanent Location Current Location Shelving location Date acquired Total Checkouts Full call number Barcode Date last seen Price effective from Koha item type
          CBU-SCHOOL OF MEDICINE LIBRARY, NDOLA. CBU-SCHOOL OF MEDICINE LIBRARY, NDOLA.   11/30/2022   RC 341 Lun 904381 11/30/2022 11/30/2022 MONOGRAPH